So sánh các chỉ tiêu hóa lý của hai loại hình chôn lấp rác : Luận văn tốt nghiệp Đại học. Chuyên ngành Kỹ thuật Môi trường

Xác định các chỉ tiêu hóa lý trong điều kiện có hoàn lưu và không hoàn lưu nước rò rỉ. Từ đó rút ra mô hình bãi chôn lấp đạt hiệu quả cao.

Đã lưu trong:
書目詳細資料
主要作者: Đào, Mai Trúc Quỳnh
格式: 圖書
語言:Undetermined
出版: Cần Thơ Đại học Cần Thơ 2010
主題:
標簽: 添加標簽
沒有標簽, 成為第一個標記此記錄!
Thư viện lưu trữ: Trung tâm Học liệu Trường Đại học Cần Thơ
LEADER 01135nam a2200205Ia 4500
001 CTU_168122
008 210402s9999 xx 000 0 und d
082 |a 628.44 
082 |b Qu609 
100 |a Đào, Mai Trúc Quỳnh 
245 0 |a So sánh các chỉ tiêu hóa lý của hai loại hình chôn lấp rác : 
245 0 |b Luận văn tốt nghiệp Đại học. Chuyên ngành Kỹ thuật Môi trường 
245 0 |c Đào Mai Trúc Quỳnh ; Lê Hoàng Việt, Nguyễn Trường Thành ( Cán bộ hướng dẫn) 
260 |a Cần Thơ 
260 |b Đại học Cần Thơ 
260 |c 2010 
520 |a Xác định các chỉ tiêu hóa lý trong điều kiện có hoàn lưu và không hoàn lưu nước rò rỉ. Từ đó rút ra mô hình bãi chôn lấp đạt hiệu quả cao. 
650 |a Refuse and refuse disposal,Sewage,Landfills,Chất thải và xử lý chất thải,Xử lý nước thải,Bãi chôn lấp 
904 |i Năm 
980 |a Trung tâm Học liệu Trường Đại học Cần Thơ